00756nam a2200169Ia 4500008004100000020001500041050002400056245005900080250001800139260003300157300004500190490002400235500003700259505025300296650001400549650002300563120626s1998 sp 000 0 spa d a8434220326 aND1479.2 bP33 1998 aMezcla de coloresb: 1 Acuarelac/ Manuales Parramón a4a. edición aEspanab: Parramónc, 1998 a95 páginasb: gáficas, ilustraciones aManuales parramón aIncluye: Sumario, Introducción aColores primario: Amarillo + Magenta Colores primarios: Magenta + Azul Colores primarios: Azul + Amarillo Colores secundarios: Naranja + Violeta Colores secundarios: Violeta + Verde Colores secundarios: Verde + Naranja Escala de Negros  aACUARELA. aTEORÍA DEL COLOR